Drobné cicavce rezervácie Lohótsky močiar

Bibliographic Details
Main Authors: Baláž, Ivan, 1976- (Author), Stollmann, Andrej, 1932- (Author), Ambros, Michal, 1954- (Author), Dudich, Alexander, 1942- (Author)
Format: Article
Language:Slovak
PhysicalDescription:Fotogr.
ISSN:1335-1737
Subjects:

MARC

LEADER 00000nab a2200000 a 4500
001 vtls000868777
003 SK-MaSNL
005 20260304120103.0
008 250429c2003 xo 0 slo
015 |a SNBRB2004/04-11160 
035 |a CLN000220329 
035 |a urn:nbn:sk:snk-aba0xy 
035 |a (urnnbn)urn:nbn:sk:snk:ar-a0985n 
035 |a (uuid)d0185796-9991-47bb-8f3b-df813a4167ab 
040 |a SNKBUCL  |b slo  |c SNKBUCL  |e AACR2 
041 0 |a slo 
044 |a xo  |c SK 
080 |a 599.32/.33(437.6):502.4  |2 1997 
245 0 0 |a Drobné cicavce rezervácie Lohótsky močiar  |c I. Baláž ... [et al.] 
300 |b Fotogr. 
504 |a Bibliogr. odkazy 
650 0 7 |a cicavce drobné  |2 snkbucl  |9 947587 
651 7 |a Štátna prírodná rezervácia Lohótsky močiar (Slovensko)  |2 snkbucl  |9 159774 
655 7 |a články z novín a časopisov  |2 snkbucl  |9 267496 
700 1 |a Baláž, Ivan,  |d 1976-  |4 aut  |9 126104 
700 1 |a Stollmann, Andrej,  |d 1932-  |4 aut  |9 8962 
700 1 |a Ambros, Michal,  |d 1954-  |4 aut  |9 13824 
700 1 |a Dudich, Alexander,  |d 1942-  |4 aut  |9 104870 
773 0 |t Chránené územia Slovenska  |g Č. 58 (2003), s. 27-29  |x 1335-1737 
850 |a Slovenská národná knižnica 
852 |a Slovenská národná knižnica 
954 |a odborná, vedecká literatúra pôvodná (slovenská)  |2 lita 
958 |a article13 
958 |a OND 
958 |a EUIPO 
992 |a RBX 
999 |c 2878613  |d 2880543